Tilastot visalle Etelä-Amerikan maat kartalla

Klikkaa tästä pelataksesi tätä visaa!

Yleistilastot

  • Tätä visaa on pelattu 872 kertaa
  • Keskiarvotulos 11 / 14

Vastaukset kartalla

Vastauksille on annettu kartalla punavihreä väri sen mukaan, kuinka moni on saanut sen oikein.
Ladataan ...
 

Vastaustilastot

Vastaus% Oikein
Brasilia
97%
Chile
95%
Argentiina
93%
Peru
83%
Falklandinsaaret
(Iso-Britannia)
83%
Paraguay
79%
Kolumbia
79%
Venezuela
79%
Ecuador
77%
Bolivia
76%
Uruguay
74%
Ranskan Guayana
67%
Suriname
61%
Guyana
57%

Tulosjakauma

Persentiili vastausten määrän mukaan

Jokaisen tuloksen saaneiden osuus

Tuloshistoriasi

Et ole pelannut tätä visaa